000 00747nam a2200217 i 4500
001 189929
003 SpMaBN
005 20251130063156.0
008 200124s2000 sp a |||| | spa d
080 _a74/75 San Felices, Justo (083.824)
100 1 _aSan Felices, Justo,
_d1951-
_9169397
245 1 0 _aJusto San Felices
_b: Alfama : [exposición, abril-mayo 2000].
260 _a[Madrid :
_bAlfama, Galería de Arte,
_c2000]
300 _a[12] p. :
_bprincipalmente il. col. ;
_c24 cm.
600 1 7 _aSan Felices, Justo,
_d1951-
_vExposiciones
_2
_9169398
655 7 _2tgfbne
_9193628
_aCatálogos de exposiciones
710 2 _aGalería Alfama.
_9171363
852 _aES-MaACL
_j2186-F-43
942 _2udc
999 _c189929
_d189929